[Event "DVM U20w 2024"]
[Site "Sebnitz GER"]
[Date "2024.12.30"]
[Round "7"]
[White "Altuve Medina, Victoria Isabella"]
[Black "Thiele, Lea-Marie"]
[Result "1-0"]
[Termination "normal"]
[Board "1.4"]
[WhiteElo "1554"]
[BlackElo "1654"]
[WhiteTeam "SV Königsjäger Süd-West"]
[BlackTeam "SK Lehrte von 1919 e. V."]
[PlyCount "55"]
[WhiteFideId "3935639"]
[BlackFideId "16298616"]
[EventCountry "GER"]
[EventRounds "7"]
[EventType "team-swiss"]
[EventDate "2024.12.26"]

1. e4 e6 2. d4 d5 3. e5 c5 4. c3 Nc6 5. Nf3 Qb6 6. Bd3 cxd4 7. cxd4 Bd7 8. Be2
Be7 9. O-O f6 10. Nc3 fxe5 11. dxe5 Qc7 12. Re1 O-O-O 13. Bd3 Rf8 14. Nb5 Qb8
15. Be3 a6 16. Nd6+ Bxd6 17. exd6 Qxd6 18. Rc1 Qb8 19. Bd4 Nf6 20. Ng5 h6 21.
Nxe6 Bxe6 22. Rxe6 Kd7 23. Bf5 Ne8 24. Rf6+ Kd8 25. Bb6+ Nc7 26. Qxd5+ Ke7 27.
Qd6+ Ke8 28. Qd7# 1-0

[Event "DVM U20w 2024"]
[Site "Sebnitz GER"]
[Date "2024.12.30"]
[Round "7"]
[White "Hafermann, Lara"]
[Black "Falke, Ornella"]
[Result "0-1"]
[Termination "normal"]
[Board "2.1"]
[BlackTitle "WCM"]
[WhiteElo "1726"]
[BlackElo "2019"]
[WhiteTeam "SC Borussia Lichtenberg"]
[BlackTeam "Elmshorner SC 1896"]
[PlyCount "124"]
[WhiteFideId "16298306"]
[BlackFideId "16207092"]
[EventCountry "GER"]
[EventRounds "7"]
[EventType "team-swiss"]
[EventDate "2024.12.26"]

1. e4 c5 2. Nf3 d6 3. d3 Nc6 4. g3 g6 5. Bg2 Bg7 6. O-O e6 7. c3 Nge7 8. Nbd2
O-O 9. Nb3 b5 10. Be3 a5 11. a3 a4 12. Nc1 e5 13. d4 cxd4 14. cxd4 Bg4 15. d5
Na5 16. Qd3 Bd7 17. Nd2 f5 18. Na2 fxe4 19. Bxe4 Nf5 20. Nb4 Nxe3 21. Qxe3 Bf6
22. Qd3 Qb6 23. Nf3 Nb3 24. Rad1 Bh3 25. Rfe1 Rf7 26. Qe3 Bd8 27. Rd3 Qxe3 28.
fxe3 Nc5 29. Nd2 Nxd3 30. Bxd3 Bd7 31. Ne4 Bc7 32. Rc1 Bb6 33. Kg2 Bxe3 34. Rc2
Bg4 35. Nxd6 Bf3+ 36. Kh3 Rd7 37. Nxb5 g5 38. Bf5 Rb7 39. Nd6 Rg7 40. g4 h5 41.
Rc3 hxg4+ 42. Bxg4 Rh7+ 43. Kg3 Bxg4 44. Kxg4 Rh4+ 45. Kf5 Bd2 46. Rc2 g4 47.
Ne4 Rf8+ 48. Nf6+ Kh8 49. d6 Rxh2 50. Kxg4 Rxf6 51. Rc8+ Kg7 52. d7 Rg2+ 53.
Kh3 Rg1 54. Kh2 Rg5 55. Rh8 Rf2+ 56. Kh3 Rf3+ 57. Kh4 Rf4+ 58. Kh3 Rf3+ 59. Kh4
Rf1 60. Rg8+ Kh7 61. Rh8+ Kxh8 62. d8=Q+ Rg8 0-1

[Event "DVM U20w 2024"]
[Site "Sebnitz GER"]
[Date "2024.12.30"]
[Round "7"]
[White "Evering, Enna"]
[Black "Hasselmann, Isabelle Sophia"]
[Result "1-0"]
[Termination "normal"]
[Board "2.2"]
[WhiteElo "1771"]
[BlackElo "1606"]
[WhiteTeam "Elmshorner SC 1896"]
[BlackTeam "SC Borussia Lichtenberg"]
[PlyCount "41"]
[WhiteFideId "16218213"]
[BlackFideId "16266951"]
[EventCountry "GER"]
[EventRounds "7"]
[EventType "team-swiss"]
[EventDate "2024.12.26"]

1. e4 e6 2. d4 d5 3. Nc3 Bb4 4. e5 c5 5. a3 cxd4 6. axb4 dxc3 7. Qg4 g6 8. bxc3
Qc7 9. Qg3 Nc6 10. Bb5 Nge7 11. Bg5 Nf5 12. Qg4 Bd7 13. Nf3 d4 14. cxd4 Ncxd4
15. Bxd7+ Qxd7 16. Nxd4 Nxd4 17. Qe4 Rc8 18. O-O a6 19. Rad1 Rc4 20. c3 Qd5 21.
Rxd4 1-0

[Event "DVM U20w 2024"]
[Site "Sebnitz GER"]
[Date "2024.12.30"]
[Round "7"]
[White "Kessen, Fanny"]
[Black "Margaryan, Susanna"]
[Result "1/2-1/2"]
[Termination "normal"]
[Board "2.3"]
[WhiteElo "1663"]
[BlackElo "1746"]
[WhiteTeam "SC Borussia Lichtenberg"]
[BlackTeam "Elmshorner SC 1896"]
[PlyCount "86"]
[WhiteFideId "16217357"]
[BlackFideId "16268210"]
[EventCountry "GER"]
[EventRounds "7"]
[EventType "team-swiss"]
[EventDate "2024.12.26"]

1. e4 c5 2. Nc3 e6 3. d3 Nc6 4. g3 Nf6 5. Bg2 Be7 6. Nge2 O-O 7. O-O d5 8. Nf4
dxe4 9. dxe4 a6 10. h3 Qc7 11. a4 Rd8 12. Bd2 Rb8 13. Qc1 b5 14. axb5 axb5 15.
Be3 Nd4 16. Bxd4 cxd4 17. Na2 Bb7 18. Re1 Rbc8 19. c3 e5 20. Nd5 Nxd5 21. exd5
Bxd5 22. cxd4 Bxg2 23. Qxc7 Rxc7 24. Kxg2 exd4 25. Rad1 Bf6 26. Nb4 Rc4 27. Nd3
Kf8 28. Re2 Rcc8 29. Kf1 Re8 30. Rde1 Rxe2 31. Rxe2 Ra8 32. Re1 g6 33. Kg2 Re8
34. Rxe8+ Kxe8 35. Kf3 Kd7 36. Ke4 Kd6 37. b3 Bg7 38. g4 h6 39. f3 Ke6 40. Nc5+
Kd6 41. Nd3 Ke6 42. Nc5+ Kd6 43. Nd3 Ke6 1/2-1/2

[Event "DVM U20w 2024"]
[Site "Sebnitz GER"]
[Date "2024.12.30"]
[Round "7"]
[White "Neitzel, Emma"]
[Black "Benary, Annika"]
[Result "1-0"]
[Termination "normal"]
[Board "2.4"]
[WhiteElo "1522"]
[BlackElo "1261"]
[WhiteTeam "Elmshorner SC 1896"]
[BlackTeam "SC Borussia Lichtenberg"]
[PlyCount "101"]
[WhiteFideId "16298373"]
[BlackFideId "533025550"]
[EventCountry "GER"]
[EventRounds "7"]
[EventType "team-swiss"]
[EventDate "2024.12.26"]

1. d4 d5 2. c4 e5 3. dxe5 d4 4. Nf3 Nc6 5. a3 Nge7 6. g3 Ng6 7. Bg2 Ngxe5 8.
Nxe5 Nxe5 9. O-O c6 10. Qc2 Be6 11. b3 Qd7 12. Qe4 Ng6 13. Bh3 O-O-O 14. Bxe6
Qxe6 15. Qxe6+ fxe6 16. Nd2 Be7 17. Nf3 Bf6 18. Bg5 e5 19. Bxf6 gxf6 20. Rac1
d3 21. e3 e4 22. Nd2 f5 23. f3 Rhe8 24. fxe4 fxe4 25. c5 Rd7 26. b4 Kc7 27. a4
b6 28. cxb6+ axb6 29. Rf6 Rd6 30. Rf7+ Rd7 31. Rxd7+ Kxd7 32. Rf1 Kd6 33. Nc4+
Kc7 34. Rf7+ Ne7 35. Rxh7 b5 36. axb5 cxb5 37. Nd2 Kd8 38. Rh5 Nc6 39. Rxb5 Kc7
40. Rc5 Rb8 41. b5 Kb6 42. Rxc6+ Kxb5 43. Rc1 Re8 44. Rc4 Ra8 45. Rc1 Re8 46.
h4 Ra8 47. Nxe4 Ra2 48. Nc3+ Kb4 49. Nxa2+ Kb3 50. Rc3+ Kxa2 51. Rxd3 1-0

[Event "DVM U20w 2024"]
[Site "Sebnitz GER"]
[Date "2024.12.30"]
[Round "7"]
[White "Adelhardt, Lisa"]
[Black "John, Linnea"]
[Result "1-0"]
[Termination "normal"]
[Board "3.1"]
[WhiteElo "1807"]
[BlackElo "1712"]
[WhiteTeam "SC Garching 1980"]
[BlackTeam "SV Königsjäger Süd-West 2"]
[PlyCount "103"]
[WhiteFideId "16235380"]
[BlackFideId "34623680"]
[EventCountry "GER"]
[EventRounds "7"]
[EventType "team-swiss"]
[EventDate "2024.12.26"]

1. e4 c5 2. Nf3 Nc6 3. c3 d5 4. exd5 Qxd5 5. d4 cxd4 6. cxd4 Bg4 7. Be2 e6 8.
O-O Nge7 9. Nc3 Qd8 10. Be3 Nf5 11. d5 Nxe3 12. fxe3 exd5 13. Qxd5 Qxd5 14.
Nxd5 Bd6 15. Kf2 O-O 16. h3 Bf5 17. g4 Be4 18. Nc3 Bg6 19. Nh4 Bc5 20. Na4 Be7
21. Nxg6 fxg6+ 22. Kg2 Nb4 23. Bc4+ Kh8 24. Rxf8+ Rxf8 25. Re1 Bg5 26. Re2 Rf6
27. Nc3 a6 28. a3 Rc6 29. Rf2 Be7 30. Bf1 Re6 31. axb4 Bxb4 32. Nd5 Bd6 33. Bd3
b5 34. Kf3 Kg8 35. Ke2 Be5 36. Kd2 h6 37. Bxg6 Bf6 38. Nxf6+ Rxf6 39. Rxf6 gxf6
40. b4 Kg7 41. Be4 Kf7 42. Bb7 a5 43. bxa5 b4 44. a6 b3 45. Bd5+ Kg7 46. Bxb3
f5 47. a7 fxg4 48. a8=Q gxh3 49. Qa1+ Kh7 50. Qf6 h2 51. Qf7+ Kh8 52. Qg8# 1-0

[Event "DVM U20w 2024"]
[Site "Sebnitz GER"]
[Date "2024.12.30"]
[Round "7"]
[White "Burchardi, Helena"]
[Black "Alferova, Emily"]
[Result "0-1"]
[Termination "normal"]
[Board "3.2"]
[WhiteElo "1730"]
[BlackElo "1739"]
[WhiteTeam "SV Königsjäger Süd-West 2"]
[BlackTeam "SC Garching 1980"]
[PlyCount "112"]
[WhiteFideId "34636374"]
[BlackFideId "16265904"]
[EventCountry "GER"]
[EventRounds "7"]
[EventType "team-swiss"]
[EventDate "2024.12.26"]

1. e4 e5 2. Nf3 Nc6 3. d4 exd4 4. Nxd4 Nf6 5. Nc3 Bb4 6. Nxc6 bxc6 7. Bd3 d5 8.
exd5 cxd5 9. O-O O-O 10. Bg5 c6 11. h3 Rb8 12. Ne2 Be7 13. Nd4 Qd6 14. Qc1 Rb6
15. Bf4 Qb4 16. Nb3 Bd6 17. Bd2 Qh4 18. Bg5 Qh5 19. Bxf6 gxf6 20. Qe3 Kh8 21.
Be2 Qh4 22. Rad1 Rg8 23. Kh1 Rb4 24. Rd4 Rxd4 25. Nxd4 c5 26. Nf3 Qh5 27. Nh2
Qh4 28. Qf3 Qg5 29. Rd1 Qe5 30. Nf1 Be6 31. b3 Rg5 32. Qe3 Qb2 33. Bd3 Qe5 34.
a4 d4 35. Qf3 Bd5 36. Re1 Bxf3 37. Rxe5 Bxg2+ 38. Kg1 fxe5 39. Ng3 Bxh3 40. Kh2
Bc8 41. Ne4 Rh5+ 42. Kg3 Be7 43. Bf1 f5 44. Nd2 Bb7 45. Nf3 Bxf3 46. Kxf3 Bd6
47. Ke2 e4 48. Bg2 Rg5 49. Bf1 f4 50. Bh3 f3+ 51. Kd2 Bf4+ 52. Ke1 e3 53. fxe3
dxe3 54. Bf1 Rg1 55. c4 e2 56. a5 Rxf1# 0-1

[Event "DVM U20w 2024"]
[Site "Sebnitz GER"]
[Date "2024.12.30"]
[Round "7"]
[White "Frowein, Jamie"]
[Black "Zhou, Leyi Charlotte"]
[Result "1-0"]
[Termination "normal"]
[Board "3.3"]
[WhiteElo "1739"]
[BlackElo "1578"]
[WhiteTeam "SC Garching 1980"]
[BlackTeam "SV Königsjäger Süd-West 2"]
[PlyCount "47"]
[WhiteFideId "16282949"]
[BlackFideId "16258100"]
[EventCountry "GER"]
[EventRounds "7"]
[EventType "team-swiss"]
[EventDate "2024.12.26"]

1. c4 e6 2. Nf3 d5 3. e3 Nf6 4. Nc3 c5 5. cxd5 exd5 6. d4 c4 7. b3 Be6 8. bxc4
dxc4 9. Qa4+ Qd7 10. Nb5 Na6 11. a3 Kd8 12. Ne5 Qc8 13. Bxc4 Bb4+ 14. axb4 Bxc4
15. Nd6 Qe6 16. Nxb7+ Kc7 17. Nxc4 Qxc4 18. Qxa6 Qxb4+ 19. Bd2 Qb2 20. Ba5+ Kb8
21. Qd6+ Kxb7 22. Qc7+ Ka6 23. Qc6+ Qb6 24. Bxb6# 1-0

[Event "DVM U20w 2024"]
[Site "Sebnitz GER"]
[Date "2024.12.30"]
[Round "7"]
[White "Richter, Anastasia"]
[Black "Schmitt, Amelie"]
[Result "1/2-1/2"]
[Termination "normal"]
[Board "3.4"]
[WhiteElo "1717"]
[BlackElo "1640"]
[WhiteTeam "SV Königsjäger Süd-West 2"]
[BlackTeam "SC Garching 1980"]
[PlyCount "50"]
[WhiteFideId "34659099"]
[BlackFideId "34682481"]
[EventCountry "GER"]
[EventRounds "7"]
[EventType "team-swiss"]
[EventDate "2024.12.26"]

1. e4 c6 2. d4 d5 3. Nc3 dxe4 4. Nxe4 Nf6 5. Nxf6+ exf6 6. c3 Bd6 7. Bd3 O-O 8.
Qc2 Re8+ 9. Ne2 h5 10. O-O h4 11. Nf4 Qc7 12. g3 Nd7 13. Qd1 Nf8 14. c4 Bd7 15.
c5 Bxf4 16. Bxf4 Qd8 17. Bc4 Be6 18. Bxe6 Nxe6 19. Bd6 Qd7 20. Qd3 Rad8 21.
Rad1 Nc7 22. Bxc7 Qxc7 23. Rfe1 Rxe1+ 24. Rxe1 hxg3 25. hxg3 Qd7 1/2-1/2

[Event "DVM U20w 2024"]
[Site "Sebnitz GER"]
[Date "2024.12.30"]
[Round "7"]
[White "Sickmann, Lisa"]
[Black "Othman, Beesan"]
[Result "0-1"]
[Termination "normal"]
[Board "4.1"]
[WhiteTitle "WFM"]
[WhiteElo "2251"]
[BlackElo "1647"]
[WhiteTeam "Lübecker SV 1873"]
[BlackTeam "SF Essen-Werden 1924/80"]
[PlyCount "94"]
[WhiteFideId "16267818"]
[BlackFideId "34640738"]
[EventCountry "GER"]
[EventRounds "7"]
[EventType "team-swiss"]
[EventDate "2024.12.26"]

1. e4 c5 2. Nf3 d6 3. d4 cxd4 4. Nxd4 Nf6 5. Nc3 e6 6. Bg5 Be7 7. Qd3 O-O 8.
O-O-O Nc6 9. Nxc6 bxc6 10. h4 d5 11. Qf3 Nd7 12. Qg3 Re8 13. Be2 Nc5 14. e5 Qb6
15. h5 Rb8 16. b3 Bxg5+ 17. Qxg5 h6 18. Qf4 Qb4 19. Qxb4 Rxb4 20. a3 Rb8 21. f4
Ba6 22. Bxa6 Nxa6 23. g4 Nc5 24. Rhg1 g5 25. fxg5 hxg5 26. Rge1 Rb7 27. Rd4 Kg7
28. Kb2 a5 29. Re2 Kh6 30. Ka2 Rbe7 31. Rh2 Nd7 32. Rf2 Rf8 33. Nd1 f5 34. exf6
Rxf6 35. Rxf6+ Nxf6 36. Nf2 e5 37. Rd3 e4 38. Rc3 Re6 39. Rg3 e3 40. Nd3 e2 41.
Ne1 Re4 42. Rc3 Re6 43. Rg3 d4 44. c3 Ne4 45. Rd3 Nxc3+ 46. Kb2 Re4 47. Rf3
Rxg4 0-1

[Event "DVM U20w 2024"]
[Site "Sebnitz GER"]
[Date "2024.12.30"]
[Round "7"]
[White "Kanno, Clara Yumi"]
[Black "Hellenbroich, Helene"]
[Result "1-0"]
[Termination "normal"]
[Board "4.2"]
[WhiteElo "1689"]
[BlackElo "1644"]
[WhiteTeam "SF Essen-Werden 1924/80"]
[BlackTeam "Lübecker SV 1873"]
[PlyCount "119"]
[WhiteFideId "16259661"]
[BlackFideId "16270754"]
[EventCountry "GER"]
[EventRounds "7"]
[EventType "team-swiss"]
[EventDate "2024.12.26"]

1. d4 e6 2. c3 d5 3. Bf4 Nf6 4. e3 Be7 5. h3 O-O 6. Bd3 Nbd7 7. Nd2 b6 8. Ngf3
Bb7 9. O-O c5 10. Ne5 h6 11. Qe2 a6 12. dxc5 Nxc5 13. Bc2 Bd6 14. Nd3 Qc7 15.
Bxd6 Qxd6 16. Nxc5 Qxc5 17. Nb3 Qc7 18. Rad1 Rad8 19. Rfe1 Qc6 20. Nd4 Qc7 21.
f3 Rfe8 22. e4 dxe4 23. Bxe4 Nxe4 24. fxe4 e5 25. Nf5 Kh7 26. Rf1 b5 27. Qg4
Qb6+ 28. Kh1 Qg6 29. Qxg6+ fxg6 30. Nd6 Re7 31. Nxb7 Rxd1 32. Rxd1 Rxb7 33. Rd6
Rf7 34. Rxa6 Rf2 35. b3 Rc2 36. Ra5 Rxc3 37. Rxb5 Rc2 38. a4 Re2 39. Rxe5 Re3
40. b4 Ra3 41. a5 Ra4 42. Rb5 Kg8 43. Kh2 Kf7 44. Kg3 Ke6 45. Kf4 g5+ 46. Kg4
g6 47. h4 gxh4 48. Kxh4 g5+ 49. Kh5 Kf6 50. Kxh6 Ra2 51. Rxg5 Ra1 52. a6 Rh1+
53. Rh5 Rc1 54. a7 Rc8 55. Rf5+ Ke6 56. Kg5 Ra8 57. Ra5 Rg8+ 58. Kf4 Rf8+ 59.
Ke3 Ra8 60. e5 1-0

[Event "DVM U20w 2024"]
[Site "Sebnitz GER"]
[Date "2024.12.30"]
[Round "7"]
[White "Rosin, Ida"]
[Black "Claussen, Daniela"]
[Result "1-0"]
[Termination "normal"]
[Board "4.3"]
[WhiteElo "1611"]
[BlackElo "1470"]
[WhiteTeam "Lübecker SV 1873"]
[BlackTeam "SF Essen-Werden 1924/80"]
[PlyCount "101"]
[WhiteFideId "16273214"]
[BlackFideId "16248929"]
[EventCountry "GER"]
[EventRounds "7"]
[EventType "team-swiss"]
[EventDate "2024.12.26"]

1. e4 e6 2. d3 b6 3. Nd2 Bb7 4. Ngf3 Nf6 5. g3 d6 6. Bg2 Be7 7. O-O O-O 8. Re1
Nbd7 9. d4 c5 10. c3 Qc7 11. Qe2 Rfe8 12. e5 dxe5 13. dxe5 Nh5 14. Nf1 g6 15.
h4 f6 16. Bh3 Ng7 17. Bf4 Qc6 18. N1h2 Kh8 19. Bg2 Rg8 20. Qf1 Qc7 21. exf6 e5
22. fxg7+ Rxg7 23. Nxe5 Bd6 24. Bxb7 Qxb7 25. Nhf3 Qc7 26. Rad1 Nxe5 27. Nxe5
Rd8 28. Rd3 Kg8 29. Ree3 Re7 30. Qe2 Rde8 31. Rd5 Re6 32. Qc4 Kg7 33. Qe2 Kg8
34. Re4 Kg7 35. f3 Kg8 36. Qe3 Kg7 37. Bh6+ Kg8 38. f4 c4 39. Qe2 b5 40. Rxb5
Bc5+ 41. Kh2 a6 42. Rxc5 Qxc5 43. Rxc4 Qa7 44. Rd4 Qb7 45. Qd2 Qb5 46. Rd7 R6e7
47. Rd5 Qb7 48. b3 Qc8 49. Qd4 Qb8 50. Qc4 Re6 51. Rd7 1-0

[Event "DVM U20w 2024"]
[Site "Sebnitz GER"]
[Date "2024.12.30"]
[Round "7"]
[White "Mai, Mariella"]
[Black "Klahold, Rona"]
[Result "1/2-1/2"]
[Termination "normal"]
[Board "5.1"]
[WhiteElo "1783"]
[BlackElo "1791"]
[WhiteTeam "SC Leipzig-Lindenau"]
[BlackTeam "SC Porta Westfalica 1950"]
[PlyCount "89"]
[WhiteFideId "16281780"]
[BlackFideId "16222970"]
[EventCountry "GER"]
[EventRounds "7"]
[EventType "team-swiss"]
[EventDate "2024.12.26"]

1. Nf3 d5 2. b3 Bf5 3. e3 e6 4. Bb2 Nf6 5. d3 Nbd7 6. Nbd2 h6 7. Be2 Bd6 8. c4
O-O 9. O-O c6 10. d4 Ne4 11. a3 Rc8 12. Rc1 Ndf6 13. b4 Qe7 14. h3 Rfd8 15. Nh4
Bh7 16. Nhf3 Bb8 17. Qe1 Qc7 18. cxd5 exd5 19. Ne5 Nxd2 20. Qxd2 Ne4 21. Qe1 f6
22. Nf3 Ng5 23. g3 Nxh3+ 24. Kg2 Qd7 25. Rh1 Bf5 26. Rh2 Kf7 27. Nh4 Ng5 28.
Bh5+ Kg8 29. Nxf5 Qxf5 30. Qe2 Qe4+ 31. f3 Qe7 32. Bg6 Nf7 33. Bf5 Rc7 34. Rhh1
Nd6 35. Bd3 Re8 36. Rhe1 Qf7 37. Qc2 f5 38. Re2 Rce7 39. Rce1 Nc4 40. Bc1 Nd6
41. a4 g6 42. Rh1 h5 43. Rhe1 Bc7 44. Qc5 Nc8 45. e4 1/2-1/2

[Event "DVM U20w 2024"]
[Site "Sebnitz GER"]
[Date "2024.12.30"]
[Round "7"]
[White "Duchstein, Anna"]
[Black "Niesch, Sarah"]
[Result "1/2-1/2"]
[Termination "normal"]
[Board "5.2"]
[WhiteElo "1716"]
[BlackElo "1406"]
[WhiteTeam "SC Porta Westfalica 1950"]
[BlackTeam "SC Leipzig-Lindenau"]
[PlyCount "126"]
[WhiteFideId "16261372"]
[BlackFideId "16211294"]
[EventCountry "GER"]
[EventRounds "7"]
[EventType "team-swiss"]
[EventDate "2024.12.26"]

1. e4 e5 2. Nf3 Nc6 3. Bc4 h6 4. d4 exd4 5. Nxd4 Nge7 6. Be3 g6 7. O-O Bg7 8.
c3 O-O 9. Nd2 d6 10. h3 Ne5 11. Bb3 N7c6 12. N2f3 Bd7 13. Re1 Na5 14. Nxe5 dxe5
15. Nf3 Nxb3 16. Qxb3 b6 17. Rad1 Qe7 18. a3 Be6 19. Qb5 a6 20. Qe2 Kh7 21. Bc1
b5 22. Rf1 Bc4 23. Qe3 Bxf1 24. Kxf1 Rad8 25. Re1 Rd6 26. Kg1 Rfd8 27. Qc5 Qd7
28. Be3 Rd1 29. Kh2 Rxe1 30. Nxe1 Qd6 31. Nc2 Bf8 32. Qxd6 cxd6 33. Nb4 Ra8 34.
Nd5 a5 35. f3 f5 36. g3 h5 37. exf5 gxf5 38. f4 Bh6 39. Kg2 exf4 40. gxf4 Bg7
41. Kf3 Kg6 42. Bf2 Bf6 43. Bg3 Rc8 44. Bf2 Ra8 45. Bg3 b4 46. axb4 axb4 47.
Nxb4 Ra1 48. Nd5 Rd1 49. Nxf6 Kxf6 50. Bf2 Rd3+ 51. Be3 Rd1 52. Bd4+ Ke6 53. b4
d5 54. b5 h4 55. b6 Kd7 56. Bf6 Kc6 57. Ke2 Rh1 58. Bxh4 Rxh3 59. Bf6 Kxb6 60.
Be5 Kc5 61. Kd2 Kc4 62. Bd4 Rf3 63. Be5 Rh3 1/2-1/2

[Event "DVM U20w 2024"]
[Site "Sebnitz GER"]
[Date "2024.12.30"]
[Round "7"]
[White "Ivanov, Helena"]
[Black "Dieckmann, Luna"]
[Result "1/2-1/2"]
[Termination "normal"]
[Board "5.3"]
[WhiteElo "1089"]
[BlackElo "1584"]
[WhiteTeam "SC Leipzig-Lindenau"]
[BlackTeam "SC Porta Westfalica 1950"]
[PlyCount "131"]
[WhiteFideId "34693378"]
[BlackFideId "34607455"]
[EventCountry "GER"]
[EventRounds "7"]
[EventType "team-swiss"]
[EventDate "2024.12.26"]

1. d4 d5 2. c4 e5 3. dxe5 d4 4. Nf3 Nc6 5. Bf4 Nge7 6. e3 Bg4 7. Be2 Ng6 8. Bg3
Bxf3 9. Bxf3 Bb4+ 10. Nd2 dxe3 11. fxe3 Bxd2+ 12. Qxd2 Qxd2+ 13. Kxd2 O-O-O+
14. Ke2 Ncxe5 15. Bxe5 Nxe5 16. b3 Rhe8 17. Rad1 f5 18. Rxd8+ Rxd8 19. Rd1 c6
20. Rxd8+ Kxd8 21. h3 Ke7 22. g4 Kf6 23. Kf2 Nd3+ 24. Kg3 fxg4 25. Bxg4 Nc1 26.
Kf4 g5+ 27. Ke4 Nxa2 28. Kd4 b6 29. Bf3 c5+ 30. Kd5 Nb4+ 31. Kd6 Nd3 32. e4 Ne5
33. Be2 h6 34. Kc7 Ke6 35. Kb7 Kd6 36. Kxa7 Nd7 37. Kb7 Ke5 38. Bg4 Nf6 39.
Kxb6 Nxe4 40. Bf3 Nd2 41. Bd1 Kd4 42. Kb5 Ne4 43. Bc2 Nc3+ 44. Kb6 h5 45. Bf5
Ne2 46. Kb5 Nc3+ 47. Kc6 Nd1 48. Kb5 Ne3 49. Be6 g4 50. hxg4 Nxg4 51. Bd5 h4
52. b4 cxb4 53. Kxb4 Ne3 54. Be6 Ke5 55. Bc8 Nf5 56. Bb7 h3 57. Kc3 Ng3 58. Kd3
Kf4 59. c5 h2 60. Bg2 Ke5 61. Kc4 Nf5 62. Kb5 Kf4 63. c6 Kg3 64. Bh1 Nd4+ 65.
Kb6 Nxc6 66. Kxc6 1/2-1/2

[Event "DVM U20w 2024"]
[Site "Sebnitz GER"]
[Date "2024.12.30"]
[Round "7"]
[White "Dieckmann, Phibie"]
[Black "Richter, Mila"]
[Result "1-0"]
[Termination "normal"]
[Board "5.4"]
[WhiteElo "1068"]
[BlackElo "1031"]
[WhiteTeam "SC Porta Westfalica 1950"]
[BlackTeam "SC Leipzig-Lindenau"]
[PlyCount "49"]
[WhiteFideId "34607161"]
[EventCountry "GER"]
[EventRounds "7"]
[EventType "team-swiss"]
[EventDate "2024.12.26"]

1. d4 d5 2. Nf3 Nf6 3. e3 e6 4. Bd3 Bd6 5. O-O Nc6 6. b3 e5 7. Bb5 Bg4 8. Qe1
Bxf3 9. gxf3 e4 10. Nd2 O-O 11. Bb2 exf3 12. Nxf3 Qd7 13. Kh1 Qh3 14. Ne5 Ng4
15. Nxg4 Qf3+ 16. Kg1 Qxg4+ 17. Kh1 Qh3 18. f4 g5 19. Qg3 Qxg3 20. hxg3 gxf4
21. gxf4 h5 22. Rg1+ Kh7 23. Rg5 Rae8 24. Rxh5+ Kg8 25. Rg1# 1-0